000 00288nam a22001337a 4500
008 180309b xxu||||| |||| 00| 0 eng d
020 _a9781875559077
041 _aeng
080 _a316
100 _a50
101 _aSOC
245 _aNothing Mat(T)ers
_cBrodribb, S
942 _2udc
_cBK
999 _c44526
_d44526